| 000 | 00860cam a2200277 4500 | ||
|---|---|---|---|
| 001 | 3612538 | ||
| 003 | ARRUPE | ||
| 005 | 20161128114004.0 | ||
| 008 | 720118s1970 ru c 001 0 eng | ||
| 010 | _a 72873850 | ||
| 015 | _aUSSR70-9488 | ||
| 040 |
_aDLC _cDLC _dDLC |
||
| 041 | 1 | _aengrus | |
| 043 | _ae-ur--- | ||
| 050 | 0 | 0 | _aHC335.2L415 |
| 100 | 1 |
_aLenin, Vladimir Ilʹich, _d1870-1924. _95305 |
|
| 245 | 1 | 0 | _aOn workers' control and the nationalisation of industry. |
| 260 |
_aMoscow, _bProgress Publishers _c1970 |
||
| 300 |
_a259 p.; _c21 cm. |
||
| 350 | _a0.75rub | ||
| 650 | 0 |
_aWorking class _zSoviet Union. _927583 |
|
| 651 | 0 |
_aSoviet Union _xEconomic conditions _y1917-1945. _96444 |
|
| 651 | 0 |
_aSoviet Union _xPolitics and government _y1917-1936. _95309 |
|
| 906 |
_a7 _bcbc _corignew _d4 _encip _f19 _gy-gencatlg |
||
| 942 |
_2lcc _cMONOGRAPH |
||
| 999 |
_c125768 _d125768 |
||